Làm Văn Tập 2
Shranjeno v:
| Glavni avtor: | |
|---|---|
| Drugi avtorji: | |
| Format: | Knjiga |
| Izdano: |
H.
Giáo Dục
1991
|
| Teme: | |
| Oznake: |
Označite
Brez oznak, prvi označite!
|
| Thư viện lưu trữ: | Trung tâm Học liệu Lê Vũ Hùng, Trường Đại học Đồng Tháp |
|---|
| LEADER | 00658pam a22002298a 4500 | ||
|---|---|---|---|
| 001 | 00023335 | ||
| 005 | 20171026081023.0 | ||
| 008 | 110617s1991 ||||||Viesd | ||
| 041 | 0 | # | |a Vie |
| 082 | 1 | 4 | |a 801 |b L104V |
| 100 | 0 | # | |a Đình Cao |
| 245 | 0 | 0 | |a Làm Văn |c Đình Cao, Lê A |n Tập 2 |
| 260 | # | # | |a H. |b Giáo Dục |c 1991 |
| 300 | # | # | |a 148 tr. |c 21 cm. |
| 650 | # | 4 | |a Lí luận |
| 650 | # | 4 | |a Tập làm văn |
| 653 | # | # | |a Giáo trình |
| 700 | 0 | # | |a Lê A |
| 852 | # | # | |b Kho đọc |j KD.0009476 |
| 852 | # | # | |j KD.0009476 |
| 910 | 0 | # | |a Mơ |d 17/06/2011 |
| 980 | # | # | |a Trung tâm Học liệu Lê Vũ Hùng, Trường Đại học Đồng Tháp |